Pays d'Europe du plus petit au plus grand - Statistiques

Statistiques générales
  • Ce quiz a été pris 968 fois
    228 depuis la dernière actualisation
  • Le résultat moyen est 31 sur 45
Réponses sur la Carte
Les réponses sont colorées sur une échelle allant du rouge au vert en fonction du pourcentage des utilisateurs qui les ont devinées à leur premier essai. Vous pouvez retrouver ces pourcentages ci-dessous.
 
Statistiques - réponses
Rang Superficie (en km²) Pays % Correct
44ᵉ 2 Monaco
99%
45ᵉ 0,44 Vatican
99%
42ᵉ 160 Liechtenstein
95%
43ᵉ 61 Saint-Marin
95%
40ᵉ 468 Andorre
91%
41ᵉ 316 Malte
88%
39ᵉ 2 586 Luxembourg
87%
38ᵉ 10 887 Kosovo
84%
37ᵉ 13 812 Monténégro
82%
35ᵉ 25 713 Macédoine du Nord
76%
36ᵉ 20 273 Slovénie
76%
34ᵉ 28 748 Albanie
73%
33ᵉ 30 528 Belgique
73%
32ᵉ 33 851 Moldavie
72%
1ᵉʳ 17 098 242 Russie
71%
30ᵉ 41 543 Pays-Bas
70%
29ᵉ 45 228 Estonie
68%
31ᵉ 41 277 Suisse
68%
26ᵉ 56 594 Croatie
63%
28ᵉ 49 035 Slovaquie
63%
3ᵉ 603 550 Ukraine
63%
14ᵉ 207 600 Biélorussie
62%
27ᵉ 51 197 Bosnie-Herzégovine
62%
4ᵉ 551 500 France
62%
23ᵉ 70 273 Irlande
62%
25ᵉ 64 589 Lettonie
62%
24ᵉ 65 300 Lituanie
62%
19ᵉ 92 090 Portugal
62%
13ᵉ 238 391 Roumanie
62%
15ᵉ 131 957 Grèce
61%
20ᵉ 83 871 Autriche
60%
5ᵉ 505 370 Espagne
60%
18ᵉ 93 028 Hongrie
60%
10ᵉ 312 685 Pologne
60%
21ᵉ 78 867 République tchèque
60%
12ᵉ 243 610 Royaume-Uni
60%
7ᵉ 357 022 Allemagne
59%
16ᵉ 110 879 Bulgarie
59%
8ᵉ 338 145 Finlande
59%
11ᵉ 301 340 Italie
59%
9ᵉ 323 802 Norvège
59%
22ᵉ 77 474 Serbie
59%
6ᵉ 450 295 Suède
58%
2ᵉ 2 210 579 Danemark
57%
17ᵉ 103 000 Islande
56%
Aucun quiz correspondant
Distribution des résultats
% des personnes avec chaque résultat
Percentile par nombre de réponses
Votre historique - résultats
Vous n’avez pas pris ce quiz depuis la dernière actualisation